Čs. štátne kúpele Bardejov

Zobrazenie:

Bibliographic Details
Other Authors: Šmátrala, Milan (fotograf) (Photographer), Vrbovský, František (fotograf) (Photographer)
Format: Photo
Language:Slovak
PhysicalDescription:1 pohľadnica (4 čiastkové pohľady) farebná 11 x 15 cm
Published: Bratislava Pravda 1988
Subjects:

MARC

LEADER 00000ckm a2200000 a 4500
001 vtls001403524
003 SK-MaSNL
005 20260331204214.0
007 kf co
008 200701s1988 xo g 0kuslo
015 |a SNBG1988 
035 |a SNK000358075 
040 |a SNK  |b slo  |c SNK  |e AACR2 
041 0 |a slo 
043 |a e-xo--- 
044 |a xo  |c SK 
072 7 |a 913  |x Regionálna geografia  |2 konspekt 
080 |a 913(437.6)  |2 2011 
080 |a (084.121)  |2 2011 
080 |a 779  |2 1981 
100 1 |a Šmátrala, Milan  |c (fotograf)  |4 pht  |9 164919 
245 1 0 |a Čs. štátne kúpele Bardejov  |h grafika  |c foto Milan Šmátrala, František Vrbovský 
246 1 |i Názov na obrazovej časti:  |a Bardejovské Kúpele 
260 |a Bratislava  |b Pravda  |c 1988  |e [Bratislava]  |f TZP-B 
300 |a 1 pohľadnica (4 čiastkové pohľady)  |b farebná  |c 11 x 15 cm 
500 |a Na adresnej časti uvedené: "Čs. štátne kúpele Bardejov uprostred pekných ihličnatých lesov. Významné liečebné stredisko najmä pre poruchy zažívacích orgánov. Pramene liečivej vody sú známe od r. 1247" 
520 8 |a Zobrazenie: 
610 2 7 |a Československé štátne kúpele (Bardejov, Slovensko)  |2 SNKKA  |9 296667 
651 7 |a Bardejovské Kúpele (Bardejov, Slovensko)  |2 SNKPHgeo  |9 187552 
655 7 |a miestne pohľadnice  |2 SNKPH  |9 70510 
700 1 |a Vrbovský, František  |c (fotograf)  |4 pht  |9 283300 
958 |a GBN 
958 |a GC 
958 |a OND 
999 |c 897154  |d 899084 
952 |t P60, <03>, [BOOK], {603}  |a SNK  |b SNK  |y PREZ  |7 0  |p 17A1282064  |o snkSP 150641  |i snkPV 2109/2000  |z Pohľadnica prešla poštou.  |0 0  |1 0  |4 0  |d 2000-12-27  |l 0  |r 2005-01-02 00:00:00  |w 2026-02-24